Famous People Born In September Quiz Stats

Quiz Updated Apr 27, 2018

Challenge
Share
Tweet
Score 0/30 Timer 07:00
5 Plays Today
Person % Correct
Will Smith
97.6%
Beyoncé Knowles
92.1%
Serena Williams
91.5%
P!nk
91.2%
Charlie Sheen
90.1%
Adam Sandler
89.4%
Amy Winehouse
84.4%
Bill Murray
82.5%
Colonel Sanders
79.5%
Gwyneth Paltrow
78.5%
Keanu Reeves
77.6%
Ray Charles
76.6%
Jimmy Fallon
74.4%
Freddie Mercury
69.3%
Tommy Lee Jones
67.1%
Person % Correct
Buddy Holly
65.6%
Lance Armstrong
64%
Amy Poehler
59.6%
Lil Wayne
58.6%
Barry Gibb
57.9%
Bruce Springsteen
55.3%
B.B. King
51%
William Howard Taft
50.5%
Jesse Owens
49.4%
Paul Walker
45.9%
Barry White
42.6%
Arnold Palmer
38.8%
Moby
33%
Adam West
27.1%
Roald Dahl
5.9%

You're not logged in!

Compare scores with friends on all Sporcle quizzes.
Join for Free
OR
Log In

You Might Also Like...

Show Comments

Extras

Top Quizzes Today


Score Distribution

Your Account Isn't Verified!

In order to create a playlist on Sporcle, you need to verify the email address you used during registration. Go to your Sporcle Settings to finish the process.

Report this User

Report this user for behavior that violates our Community Guidelines.

Details: